000 00480nam a22001697a 4500
999 _c1489
_d1489
005 20210911100648.0
008 160523b xxu||||| |||| 00| 0 eng d
020 _a81-291-0346-7
041 _aeng
082 _b4458
_a004.6
100 _aMarris, Stephen B
_91096
245 _aNetwork Management MIBS and MPLS:
_bprinciples , design and implementation
260 _aNew Delhi
_bAcademic Faundation
_c2004
300 _a371
650 _aInformation Technology
_9137
942 _cBK